Online
Catalog

Las oraciones privadas del Papa Juan Pablo II : (Record no. 24933)

MARC details
000 -CABECERA
campo de control de longitud fija 00574cam a2200181 a 4500
001 - NÚMERO DE CONTROL
campo de control 000025441
005 - FECHA Y HORA DE LA ÚLTIMA TRANSACCIÓN
campo de control 20200930023806.0
008 - DATOS DE LONGITUD FIJA--INFORMACIÓN GENERAL
campo de control de longitud fija 901219s2002 xxu 000 | spa d
020 ## - NÚMERO INTERNACIONAL ESTÁNDAR DEL LIBRO
Número Internacional Estándar del Libro 0743448200
040 ## - FUENTE DE LA CATALOGACIÓN
Centro catalogador/agencia de origen DO-SdBNP
Lengua de catalogación spa
Centro/agencia transcriptor BNPHU
082 ## - NÚMERO DE LA CLASIFICACIÓN DECIMAL DEWEY
Número de clasificación xxx
Número de documento/Ítem P784
049 ## - FONDOS LOCALES (OCLC)
Fondos de biblioteca BNGR
245 14 - MENCIÓN DE TÍTULO
Título Las oraciones privadas del Papa Juan Pablo II :
Resto del título una invitación a la oración /
Mención de responsabilidad, etc. traducción Mercedes Lamamié.
260 ## - PUBLICACIÓN, DISTRIBUCIÓN, ETC.
Lugar de publicación, distribución, etc. Nueva York :
Nombre del editor, distribuidor, etc. Atria Books,
Fecha de publicación, distribución, etc. 2002.
300 ## - DESCRIPCIÓN FÍSICA
Extensión x, 289 p. ;
Dimensiones 21 cm.
700 1# - PUNTO DE ACCESO ADICIONAL--NOMBRE DE PERSONA
Nombre de persona Pablo, Juan,
Títulos y otros términos asociados al nombre Papa
9 (RLIN) 52046
700 1# - PUNTO DE ACCESO ADICIONAL--NOMBRE DE PERSONA
Nombre de persona Lamamié, Mercedes
Término indicativo de función/relación tr.
9 (RLIN) 52047
Holdings
Estado de retiro Estado de pérdida Restricciones de uso No para préstamo Código de colección Localización permanente Ubicación/localización actual Ubicación en estantería Fecha de adquisición Número de inventario Total de préstamos Signatura topográfica completa Código de barras Fecha visto por última vez Precio válido a partir de Tipo de ítem Koha
      Excluido de préstamo Monografías: Libros y Folletos General General En catalogación 16.02.2011 LF1   xxx P784 25441-10 25.06.2020 25.06.2020 No se presta

Powered by Koha